000 00300nam a2200121Ia 4500
005 20251222155131.0
008 251222s9999||||xx |||||||||||||| ||spa||
082 _aEST. 14
100 _aInst. Nac.Estadis,
245 0 _aLa Población del Perú 1980-Crecimi.Distrib.
264 _bINEI
942 _cLIB
999 _c38824
_d38824